EIN BEITRAG ZUR TECHNOLOGIE DER JUNGHALLSTATTZEITLICHEN KERAMIK AUS NOVÉ KOŠARISKÁ

Bibliographic Details
Main Authors: Chocholoušek, Vladimír (Author), Nudera, Zdeněk (Author)
Other Authors: Nieburová, Berta, 1919-2006 (Translator)
Format: Article
Language:German

MARC

LEADER 00000nab a2200000 a 4500
001 vtls011130070
003 SK-MaSNL
005 20260303151144.0
008 230222|1968 xo |||||||||||||||||ger|
015 |a SNBRB 
035 |a (uuid)a2cc76c2-f74b-46da-9058-82dff3fd0409 
035 |a (urnnbn)urn:nbn:sk:snk:ar-a09jr6 
035 |a urn:nbn:sk:snk-aba7tp 
040 |a SNKBUCL  |b slo  |c SNKBUCL  |e AACR2 
041 0 |a ger 
044 |a xo  |c SK 
100 1 |a Chocholoušek, Vladimír  |4 aut  |9 1170340 
245 1 0 |a EIN BEITRAG ZUR TECHNOLOGIE DER JUNGHALLSTATTZEITLICHEN KERAMIK AUS NOVÉ KOŠARISKÁ  |c Vladimír Chocholoušek, Zdeněk Nudera, B. Nieburová 
700 1 |a Nudera, Zdeněk  |4 aut  |9 1170341 
700 1 |a Nieburová, Berta,  |d 1919-2006  |4 trl  |9 112145 
773 0 |t Slovenská archeológia  |g Roč. 16, č. 2 (1968), s. [447]-459 
958 |a OND 
958 |a EUIPO 
958 |a article13 
999 |c 2016408  |d 2018338